|
|
|
|
| LEADER |
02174nam a2200325 a 4500 |
| 001 |
3071770 |
| 008 |
091109s1998 maua b 001 0 eng d |
| 010 |
|
|
|a \\\97030777
|
| 020 |
|
|
|a 0070179859 (alk. paper)
|
| 040 |
|
|
|a DLC
|c DLC
|d DLC
|
| 082 |
0 |
0 |
|a 339
|2 21
|
| 100 |
1 |
|
|a Dornbusch, Rudiger.
|
| 245 |
1 |
0 |
|a Macroeconomics /
|c Rudiger Dornbusch, Stanley Fischer, Richard Startz.
|
| 250 |
|
|
|a 7th ed.
|
| 260 |
|
|
|a Boston :
|b McGraw-Hill/Irwin,
|c c1998.
|
| 300 |
|
|
|a xix, 550 p. :
|b col. ill. ;
|c 25 cm.
|
| 504 |
|
|
|a Includes bibliographical references and index.
|
| 541 |
1 |
|
|e 00011206
|
| 650 |
|
0 |
|a Macroeconomics.
|
| 700 |
1 |
|
|a Fischer, Stanley.
|
| 700 |
1 |
|
|a Startz, Richard,
|d 1952-
|
| 852 |
4 |
|
|a Ayesha Abed Library
|j General shelf
|
| 999 |
|
|
|c 5309
|d 5309
|
| 952 |
|
|
|0 0
|1 0
|2 ddc
|4 0
|6 339_DOR_199800000000000
|7 0
|9 5160
|a BRACUL
|b BRACUL
|c GEN
|d 2009-11-09
|g 0.00
|l 8
|m 63
|o 339 DOR
|p 3010011206
|r 2019-07-02
|s 2019-07-01
|t 6
|w 2009-11-09
|y BK
|x No price found in the accession register.
|
| 952 |
|
|
|0 0
|1 0
|2 ddc
|4 0
|6 339_DOR_199800000000000
|7 0
|9 5174
|a BRACUL
|b BRACUL
|c GEN
|d 2009-11-09
|g 0.00
|l 12
|m 89
|o 339 DOR
|p 3010010462
|r 2019-04-16
|s 2019-01-15
|t 1
|w 2009-11-09
|y BK
|x No price found in the accession register.
|
| 952 |
|
|
|0 0
|1 0
|2 ddc
|4 0
|6 339_DOR_199800000000000
|7 0
|9 5175
|a BRACUL
|b BRACUL
|c GEN
|d 2009-11-09
|g 0.00
|l 9
|m 44
|o 339 DOR
|p 3010011204
|r 2025-09-16
|s 2025-09-11
|t 4
|w 2009-11-09
|y BK
|x No price found in the accession register.
|
| 952 |
|
|
|0 0
|1 0
|2 ddc
|4 0
|6 339_DOR_199800000000000
|7 0
|9 5176
|a BRACUL
|b BRACUL
|c GEN
|d 2009-11-09
|g 0.00
|l 13
|m 107
|o 339 DOR
|p 3010011205
|r 2020-03-10
|s 2020-02-02
|t 5
|w 2009-11-09
|y BK
|x No price found in the accession register.
|
| 952 |
|
|
|0 0
|1 0
|2 ddc
|4 0
|6 339_DOR_199800000000000
|7 0
|9 5177
|a BRACUL
|b BRACUL
|c GEN
|d 2009-11-09
|g 830.00
|l 10
|m 80
|o 339 DOR
|p 3010011203
|r 2022-02-01
|s 2021-10-17
|t 3
|w 2009-11-09
|y BK
|
| 952 |
|
|
|0 0
|1 0
|2 ddc
|4 0
|6 339_DOR_199800000000000
|7 0
|9 5178
|a BRACUL
|b BRACUL
|c GEN
|d 2009-11-09
|g 0.00
|l 14
|m 102
|o 339 DOR
|p 3010011202
|r 2024-01-22
|s 2023-12-19
|t 2
|w 2009-11-09
|y BK
|x No price found in the accession register.
|
| 952 |
|
|
|0 0
|1 0
|2 ddc
|4 0
|6 339_DOR_199800000000000
|7 0
|9 7772
|a BRACUL
|b BRACUL
|c GEN
|d 2010-02-03
|l 18
|m 112
|o 339 DOR
|p 3010011207
|r 2019-07-05
|s 2019-06-24
|t 7
|w 2010-02-03
|y BK
|